<?xml version="1.0" encoding="UTF-8"?>
<record
    xmlns:xsi="http://www.w3.org/2001/XMLSchema-instance"
    xsi:schemaLocation="http://www.loc.gov/MARC21/slim http://www.loc.gov/standards/marcxml/schema/MARC21slim.xsd"
    xmlns="http://www.loc.gov/MARC21/slim">

  <leader>01303nab a22002897a 4500</leader>
  <datafield tag="999" ind1=" " ind2=" ">
    <subfield code="c">6575</subfield>
    <subfield code="d">6575</subfield>
  </datafield>
  <controlfield tag="003">OSt</controlfield>
  <controlfield tag="005">20260225134515.0</controlfield>
  <controlfield tag="008">190506c        xxu||||| |||| 00| 0 spa d</controlfield>
  <datafield tag="040" ind1=" " ind2=" ">
    <subfield code="c">PJ</subfield>
  </datafield>
  <datafield tag="100" ind1=" " ind2=" ">
    <subfield code="9">6819</subfield>
    <subfield code="a">Calder&#xF3;n, Daniela Agostina </subfield>
  </datafield>
  <datafield tag="245" ind1="1" ind2="3">
    <subfield code="a">El impacto de la IA en las relaciones del trabajo : </subfield>
    <subfield code="b">proximaci&#xF3;n al metaverso /</subfield>
    <subfield code="c">Daniela Agostina Calder&#xF3;n.</subfield>
  </datafield>
  <datafield tag="260" ind1=" " ind2=" ">
    <subfield code="a">Buenos Aires :</subfield>
    <subfield code="b">AbeledoPerrot,</subfield>
    <subfield code="c">2025.</subfield>
  </datafield>
  <datafield tag="300" ind1=" " ind2=" ">
    <subfield code="a">p. 25-30</subfield>
  </datafield>
  <datafield tag="500" ind1=" " ind2=" ">
    <subfield code="a">Cita: TR LALEY AR/DOC/536/2025.</subfield>
  </datafield>
  <datafield tag="505" ind1=" " ind2=" ">
    <subfield code="a">Sumario: I. Breve s&#xED;ntesis.&#x2014; II. Introducci&#xF3;n al concepto de Inteligencia Artificial.&#x2014; III. La IA en el derecho del trabajo es una realidad.&#x2014; IV. Aproximaci&#xF3;n del metaverso en el derecho del trabajo.&#x2014; V. Conclusiones.</subfield>
  </datafield>
  <datafield tag="505" ind1=" " ind2=" ">
    <subfield code="t">&#xBF;Te interesa el texto completo? Comunicate al correo: koha@justierradelfuego.gov.ar</subfield>
  </datafield>
  <datafield tag="650" ind1=" " ind2="0">
    <subfield code="9">1316</subfield>
    <subfield code="a">DERECHO LABORAL</subfield>
  </datafield>
  <datafield tag="650" ind1=" " ind2="0">
    <subfield code="9">273</subfield>
    <subfield code="a">DERECHO INFORMATICO</subfield>
  </datafield>
  <datafield tag="650" ind1=" " ind2="0">
    <subfield code="9">289</subfield>
    <subfield code="a">TECNOLOGIA DE LA INFORMACION</subfield>
  </datafield>
  <datafield tag="650" ind1=" " ind2="0">
    <subfield code="9">6081</subfield>
    <subfield code="a">CIENCIA Y TECNOLOG&#xCD;A</subfield>
  </datafield>
  <datafield tag="650" ind1=" " ind2="0">
    <subfield code="9">5233</subfield>
    <subfield code="a">PANDEMIA</subfield>
  </datafield>
  <datafield tag="650" ind1=" " ind2="0">
    <subfield code="9">5817</subfield>
    <subfield code="a">INTELIGENCIA ARTIFICIAL</subfield>
  </datafield>
  <datafield tag="650" ind1=" " ind2="0">
    <subfield code="9">4439</subfield>
    <subfield code="a">TELETRABAJO</subfield>
  </datafield>
  <datafield tag="650" ind1=" " ind2="0">
    <subfield code="9">1323</subfield>
    <subfield code="a">CONTRATO DE TRABAJO</subfield>
  </datafield>
  <datafield tag="773" ind1="0" ind2=" ">
    <subfield code="0">2751</subfield>
    <subfield code="9">3202</subfield>
    <subfield code="d">Buenos Aires : AbeledoPerrot,  2013-</subfield>
    <subfield code="t">Revista de derecho laboral y seguridad social. N&#xBA; 8- Abril 2025</subfield>
  </datafield>
  <datafield tag="942" ind1=" " ind2=" ">
    <subfield code="2">udc</subfield>
    <subfield code="c">ANA</subfield>
  </datafield>
</record>
